000
00233nam a22000857a 4500
008
160630b xxu||||| |||| 00| 0 eng d
100
_9
1463
_a
Chandavarkar, S
245
_a
The Littlest Wave
260
_a
New Delhi
_b
National Book Trust
_c
1983
999
_c
1211
_d
1211